00988nam a22002297a 4500999001700000003000900017008004100026040007100067082003100138100002200169245002800191260003600219300002600255505026500281650001900546650001800565650001900583700002800602942001600630945000800646952010400654 c11121d11121AR-CdUCM190402b ||||| |||| 00| 0 spa d aMUNICIPALIDAD PROVINCIAL DEL CUSCOcBIBLIOTECA MUNICIPAL DEL CUSCO 23 ed.a759.5 /bV71 / 1954 aDavinci, Leonardo aTratado de la pintura / a Buenos Aires :bLosada,c1954. a396 paginas ;c28 cm. aContenido : Tratado de la pintura -- De si la pintura es o no ciencia -- Ejemplo y diferencia entre pintura y poesía -- De que ciencia es mas útil y de cual es su utilidad -- De las ciencias imitables y de como la pintura, siendo imitable, es ciencia ...  aPintura 93081 aCiencia92098 aTratados93362 aPittaluga, Mario928300 2ddccLIBROS arah 002ddc4070aSCAbSCAcCARTd2019-04-02g40.00o759.5 / V71 / 1954pSCA0001158r2019-04-02yLIBROS